000 00214 a2200097 4500
001 41035
100 _aZain ul Abideen
245 _aKamoos ul Quran
260 _aKarachi
_bAdara-i-Ishaat
_c
090 _c25269
_d25269
942 _aNUST-CAE
_cM
_c16968
999 _c276108
_d276108